| 000 | 00000nam 2200000zi 4500 |
| 001 | 9.925518 |
| 003 | CaOODSP |
| 005 | 20240131093257 |
| 006 | m o d f |
| 007 | cr cn||||||||| |
| 008 | 230726e202308##oncd ob f000 0 eng d |
| 020 | |a9780660496566 |
| 040 | |aCaOODSP|beng|erda|cCaOODSP |
| 043 | |an-cn--- |
| 086 | 1 |aJ4-143/2023E-PDF |
| 100 | 1 |aSaghbini, Charbel, |eauthor. |
| 245 | 10|aPerceptions of the youth criminal justice system : |bkey findings from the 2022 National Justice Survey / |cCharbel Saghbini. |
| 264 | 1|a[Ottawa] : |bDepartment of Justice Canada = Ministère de la Justice Canada, |cAugust 2023. |
| 264 | 4|c©2023 |
| 300 | |a1 online resource (17 pages) : |bcharts |
| 336 | |atext|btxt|2rdacontent |
| 337 | |acomputer|bc|2rdamedia |
| 338 | |aonline resource|bcr|2rdacarrier |
| 500 | |aCover title. |
| 500 | |aIssued also in French under title: Perceptions au sujet du système de justice pénale pour les adolescents : principaux résultats du Sondage national sur la justice de 2022 |
| 504 | |aIncludes bibliographical references (page 15). |
| 520 | |a"The National Justice Survey (NJS) is a public opinion research survey that is administered on an annual basis to explore the perceptions and knowledge of justice-related issues of people living in Canada. Findings from this survey are used to inform policy and program development. This report focuses on youth justice-related issues and examines respondents’ perceptions and knowledge of the youth criminal justice system (YCJS)"--Introduction, page 4. |
| 650 | 0|aJuvenile justice, Administration of|zCanada|xPublic opinion. |
| 650 | 0|aPublic opinion|zCanada. |
| 710 | 1 |aCanada. |bDepartment of Justice. |bResearch and Statistics Division, |eissuing body. |
| 775 | 08|tPerceptions au sujet du système de justice pénale pour les adolescents : |w(CaOODSP)9.925520 |
| 856 | 40|qPDF|s1.34 MB|uhttps://publications.gc.ca/collections/collection_2023/jus/J4-143-2023-eng.pdf |
| 856 | 4 |qHTML|sN/A|uhttps://www.justice.gc.ca/eng/rp-pr/jr/njsy2022-snga2022/index.html |